|
|
|
|
| LEADER |
00000cas a2200000 i 4500 |
| 001 |
057922853 |
| 003 |
sudoc |
| 005 |
20250908102002.0 |
| 008 |
001206d20002009fr a|zgrr ||| |||||0fre d |
| 022 |
|
|
|a 1623-9024
|l 1623-9024
|
| 035 |
|
|
|a issn16239024
|
| 035 |
|
|
|a FRBNF371309290000007
|
| 040 |
|
|
|a ABES
|b fre
|e AFNOR
|c ct
|
| 041 |
0 |
|
|a fre
|2 639-2
|
| 080 |
|
|
|a 308-055.3
|
| 080 |
|
|
|a 392
|
| 082 |
0 |
|
|a 054.108 664
|
| 222 |
|
0 |
|a Têtu. Hors-série
|b (Paris)
|
| 245 |
0 |
0 |
|a Têtu,
|p Hors-série.
|
| 246 |
1 |
3 |
|a Têtu plage
|
| 260 |
|
|
|a Paris (32 bd de Strasbourg ; 75010) :
|b CPPD,
|c 2000-2009.
|
| 300 |
|
|
|a n° :
|b ill. en coul. ;
|c 27 cm.
|
| 310 |
|
|
|a Annuale
|
| 362 |
|
|
|a N° 1 (été 2000)-n° 10 (été 2009)
|
| 500 |
|
|
|a Autre forme de titre : Têtu plage.
|
| 772 |
0 |
|
|t Têtu (Paris)
|x 1265-3578
|w (ABES)040442241
|
| 785 |
1 |
0 |
|t Têtu men
|x 2108-3576
|w (ABES)146431588
|
| 886 |
2 |
|
|2 unimarc
|a 181
|a i#
|b xxxe##
|
| 942 |
|
|
|2 ddc
|c CR
|
| 952 |
|
|
|0 0
|1 0
|2 ddc
|4 0
|7 1
|9 8291
|a MI
|b MI
|d 2005-09-04
|h estate 2005 hors-série 06
|i P-8
|l 0
|p CDOMP-8
|r 2025-07-17 21:50:24
|w 2025-07-17
|x DONO
|y CR
|
| 999 |
|
|
|c 6918
|d 6918
|